| 000 | 00643cam a22002173a 4500 | ||
|---|---|---|---|
| 001 | 44233 | ||
| 003 | PGUSA | ||
| 005 | 20140828084017.0 | ||
| 008 | 131119s2013||||xxu|||||s|||||000 | eng d | ||
| 040 |
_aPGUSA _beng |
||
| 042 | _adc | ||
| 100 | 1 |
_aStrindberg, August, _d1849-1912 |
|
| 245 | 1 | 0 |
_aPlays by August Strindberg, Third Series _h[electronic resource] / _cAugust Strindberg |
| 260 |
_bProject Gutenberg, _c2013 |
||
| 506 | _aPublic domain in the USA. | ||
| 516 | _aElectronic text | ||
| 700 | 1 |
_aBjörkman, Edwin, _d1866-1951 |
|
| 830 | 0 |
_aProject Gutenberg _v44233 |
|
| 856 | 4 | 0 | _uhttp://www.gutenberg.org/ebooks/44233 |
| 942 | _cEB | ||
| 999 |
_c273484 _d273484 |
||